1388 1113 1104 1017 1383 1725 1796 1840 1637 1990 1716 1975 1849 1350 1506 1527 1800 1547 1533 1229 1084 1942 1344 1696 1151 1487 1971 1598 1338 1545 1219 1740 1713 1924 1850 1160 1106 1814 1884 1432 1195 1902 1380 1986 1447 1563 1601 1686 1589 1559 1762 1372 1821 1320 1695 1740 1671 1056 1140 1771 1571 1254 1637 1486 1549 1664 1764 1179 1222 1289 1251 1808 1670 1975 1906 1398 1078 1649 1591 1940 1180 1451 1641 1528 1130 1781 1847 1304 1452 1328 1023 1835 1377 1817 1618 1108 1360 1742 1189 BCNSPRNW ULIB Ver.6.0+V

เปลี่ยนเป็นภาษาไทย

Change to English
 แสดงรายละเอียดบรรณานุกรม
  กลับหน้าหลัก

Brief Record : Get Marc (ISO 2709) : E-mail record : QR code < ปิดหน้าต่าง
LEADER : 00000nam 2200000uu 4500
001    13399111830
003     ULIB
008    110627s2552||||th 000 0 tha d
020    9786167081175
090    นว.^bม557ช 2552
100 0  มิ่งมาดา
245 00 เชลยรักบัลลังก์ทราย/^cมิ่งมาดา
250    พิมพ์ครั้งที่ 1
260    กรุงเทพฯ :^bSmart book,^c2552
300    275 หน้า
945    ^p200^l0^i026961
945    ^p200^l0^i16987
995    ทศพร
999 ^a ใช้งานได้ทุกระบบ
รายการนี้ยังไม่มีแท็ก
คุณยังไม่ได้ล็อกอิน คุณสามารถมีกิจกรรมร่วมกับเว็บไซต์ได้ แต่ต้องล็อกอินก่อน ::
  ล็อกอิน

รายการสื่อสารสนเทศ

ลำดับที่ ประเภท เลขเรียก/บาร์โค้ด สถานที่ สถานะ
1. นวนิยาย
นวนิยาย
นว. ม557ช 2552 ฉ.1 
  Barcode: 16987
ห้องสมุดวิทยาเขตสวรรค์ประชารักษ์
►นวนิยาย
บนชั้น
  ขอยืม

BibComment


ยังไม่เคยถูกคอมเมนท์

คอมเมนท์ทรัพยากรรายการนี้
  คอมเมนท์: เชลยรักบัลลังก์ทร..


 Copyright 2026. Bcnsprnw @Library